[Event "Oz.com qual blitz"]
[Site "ICC INT"]
[Date "2000.03.05"]
[Round "6"]
[White "MacArthur, John"]
[Black "Netolitzky, Gregor"]
[Result "1-0"]
[WhiteElo "2150"]
[BlackElo "2228"]
[PlyCount "53"]
[EventDate "2000.03.05"]
[EventType "swiss (blitz)"]
[EventRounds "9"]
[EventCountry "USA"]
[SourceTitle "EXT 2001"]
[Source "ChessBase"]
[SourceDate "2000.11.22"]
[SourceVersion "1"]
[SourceVersionDate "2000.11.22"]
[SourceQuality "1"]

1. e4 e6 2. Nc3 d5 3. Nf3 Nf6 4. e5 Nfd7 5. d4 c5 6. dxc5 Nc6 7. Bf4 Bxc5 8. Bd3 f6 9. exf6 Qxf6 10. Bg3 0-0 11. 0-0 Nde5 12. Nxe5 Nxe5 13. Bxh7+ Kxh7 14. Qh5+ Kg8 15. Bxe5 Bxf2+ 16. Kh1 Qh4 17. Qxh4 Bxh4 18. Rxf8+ Kxf8 19. Rf1+ Kg8 20. Nb5 Bd7 21. Nd6 Bc6 22. Rf7 Rf8 23. Rxg7+ Kh8 24. Nf7+ Rxf7 25. Rxf7+ Kg8 26. Rg7+ Kf8 27. Kg1 1-0

[Event "AUT-chT2W 9899"]
[Site "Austria"]
[Date "1999.03.12"]
[Round "7.2"]
[White "Netolitzky, Gregor"]
[Black "Bosch, Jeroen"]
[Result "1/2-1/2"]
[WhiteElo "2215"]
[BlackElo "2470"]
[PlyCount "86"]
[EventDate "1998.10.??"]
[EventType "team-tourn"]
[EventRounds "9"]
[EventCountry "AUT"]
[SourceTitle "EXT 2000"]
[Source "ChessBase"]
[SourceDate "1999.11.16"]
[SourceVersion "1"]
[SourceVersionDate "1999.11.16"]
[SourceQuality "1"]

1. d4 f5 2. Bg5 g6 3. Nc3 Bg7 4. e4 fxe4 5. Nxe4 Nf6 6. Nxf6+ exf6 7. Be3 0-0 8. Bd3 Nc6 9. c3 d5 10. Nf3 Ne7 11. 0-0 c6 12. Bf4 Bf5 13. Re1 Qd7 14. Bxf5 Nxf5 15. Qd2 h5 16. Qd3 g5 17. Bc1 Rae8 18. b3 Rxe1+ 19. Nxe1 Re8 20. Ba3 Qe6 21. Kf1 Nh4 22. Nf3 Nxf3 23. Qxf3 g4 24. Qd3 f5 25. Rd1 Kf7 26. Bc1 Qe4 27. Qxe4 fxe4 28. Ke2 Ke6 29. Rh1 c5 30. Be3 Rc8 31. Kd2 cxd4 32. Bxd4 Bxd4 33. cxd4 Rf8 34. Ke2 Rc8 35. Kd2 Rg8 36. Rc1 Kd6 37. Rc3 a5 38. Ke2 b6 39. Kd2 Kd7 40. Ke3 Kd6 41. Ke2 Kd7 42. Ke3 Kd6 43. Ke2 Kd7 1/2-1/2

[Event "AUT-chT2W 9899"]
[Site "Austria"]
[Date "1999.01.23"]
[Round "5.4"]
[White "Netolitzky, Gregor"]
[Black "Reich, Thomas"]
[Result "0-1"]
[WhiteElo "2215"]
[BlackElo "2385"]
[PlyCount "118"]
[EventDate "1998.10.??"]
[EventType "team-tourn"]
[EventRounds "9"]
[EventCountry "AUT"]
[SourceTitle "EXT 2000"]
[Source "ChessBase"]
[SourceDate "1999.11.16"]
[SourceVersion "1"]
[SourceVersionDate "1999.11.16"]
[SourceQuality "1"]

1. d4 g6 2. e4 d6 3. Nc3 Nf6 4. Nf3 Bg7 5. Be2 0-0 6. 0-0 c5 7. d5 e6 8. dxe6 Bxe6 9. Bf4 d5 10. exd5 Nxd5 11. Nxd5 Bxd5 12. c3 Nc6 13. Qd2 Re8 14. Rfd1 Qf6 15. Bg5 Qf5 16. Qxd5 Qxd5 17. Rxd5 Rxe2 18. Nd2 Re5 19. Rxe5 Nxe5 20. Ne4 h6 21. Be7 Re8 22. Nf6+ Bxf6 23. Bxf6 g5 24. Bxe5 Rxe5 25. Kf1 c4 26. b3 Ra5 27. bxc4 Ra3 28. c5 Rxc3 29. Rb1 Rxc5 30. Rxb7 Rc1+ 31. Ke2 Rc2+ 32. Kf3 Rxa2 33. g3 Ra4 34. h3 Kg7 35. Rc7 Kg6 36. Rc6+ Kg7 37. Rc7 h5 38. Kg2 g4 39. h4 Kg6 40. Rc6+ f6 41. Rc7 Ra1 42. Rd7 a5 43. Ra7 a4 44. Ra6 a3 45. Ra5 f5 46. Ra6+ Kf7 47. Ra7+ Ke6 48. Ra5 Kd6 49. Rxf5 Rd1 50. Ra5 Rd3 51. Rxh5 Rd5 52. Rh6+ Kc5 53. Ra6 Kb4 54. Ra8 Ra5 55. Rb8+ Ka4 56. Rb1 Rf5 57. h5 Rxh5 58. f3 a2 59. Ra1 Kb3 0-1